Eastern Utah Libraries Catalog: Duchesne, Heber, Roosevelt, & Vernal

Amazing you : (Record no. 393443)

MARC details
000 -LEADER
fixed length control field 02147cam a2200565 a 4500
001 - CONTROL NUMBER
control field 2851072
005 - DATE AND TIME OF LATEST TRANSACTION
control field 20240215173832.0
008 - FIXED-LENGTH DATA ELEMENTS--GENERAL INFORMATION
fixed length control field 040921s2005 nyua j 000 0 eng
010 ## - LIBRARY OF CONGRESS CONTROL NUMBER
LC control number 200402201
020 ## - INTERNATIONAL STANDARD BOOK NUMBER
International Standard Book Number 9780525473893 :
Terms of availability $15.99
020 ## - INTERNATIONAL STANDARD BOOK NUMBER
International Standard Book Number 0525473890 :
Terms of availability $15.99
035 ## - SYSTEM CONTROL NUMBER
System control number (OCoLC)56591399
035 ## - SYSTEM CONTROL NUMBER
System control number 907094
035 ## - SYSTEM CONTROL NUMBER
System control number AGY-0494
035 ## - SYSTEM CONTROL NUMBER
System control number (OCoLC)ocm56591399
035 ## - SYSTEM CONTROL NUMBER
System control number (DLC)907094
035 ## - SYSTEM CONTROL NUMBER
System control number 2128397
035 ## - SYSTEM CONTROL NUMBER
System control number 2128397
040 ## - CATALOGING SOURCE
Original cataloging agency DLC
Transcribing agency DLC
Modifying agency TnLvILS
-- IGA
Description conventions rda
042 ## - AUTHENTICATION CODE
Authentication code pcc
049 ## - LOCAL HOLDINGS (OCLC)
Holding library IGAA
050 00 - LIBRARY OF CONGRESS CALL NUMBER
Classification number QP251.5
Item number .S235 2005
082 00 - DEWEY DECIMAL CLASSIFICATION NUMBER
Classification number 612.6
Edition number 22
092 ## - LOCALLY ASSIGNED DEWEY CALL NUMBER (OCLC)
Classification number junior nonfiction
Item number J 612.6 Saltz
100 1# - MAIN ENTRY--PERSONAL NAME
Personal name Saltz, Gail.
9 (RLIN) 52271
245 10 - TITLE STATEMENT
Title Amazing you :
Remainder of title getting smart about your private parts /
Statement of responsibility, etc by Gail Saltz ; illustrated by Lynn Cravath.
250 ## - EDITION STATEMENT
Edition statement 1st ed.
260 ## - PUBLICATION, DISTRIBUTION, ETC. (IMPRINT)
Place of publication, distribution, etc New York :
Name of publisher, distributor, etc Dutton Children's Books,
Date of publication, distribution, etc c2005.
264 ## - Production, Publication, Distribution, Manufacture, and Copyright Notice.
Place of production, publication, distribution, manufacture New York ;
Name of producer, publisher, distributor, manufacturer Dutton Children's Books,
Date of production, publication, distribution, manufacture, or copyr 2005
300 ## - PHYSICAL DESCRIPTION
Extent 1 v. (unpaged) :
Other physical details col. ill. ;
Dimensions 24 cm.
520 ## - SUMMARY, ETC.
Summary, etc Presents clear and age-appropriate information about reproduction, birth, and the difference between boys' and girls' bodies.
521 1# - TARGET AUDIENCE NOTE
Target audience note 3-6
Source Brodart.
521 2# - TARGET AUDIENCE NOTE
Target audience note P-1
Source Brodart.
650 #0 - SUBJECT ADDED ENTRY--TOPICAL TERM
Topical term or geographic name as entry element Generative organs
Form subdivision Juvenile literature.
9 (RLIN) 6482245
650 #0 - SUBJECT ADDED ENTRY--TOPICAL TERM
Topical term or geographic name as entry element Human reproduction
Form subdivision Juvenile literature.
9 (RLIN) 5693419
650 #1 - SUBJECT ADDED ENTRY--TOPICAL TERM
Topical term or geographic name as entry element Reproduction.
650 #1 - SUBJECT ADDED ENTRY--TOPICAL TERM
Topical term or geographic name as entry element Sex instruction for children.
650 #7 - SUBJECT ADDED ENTRY--TOPICAL TERM
Topical term or geographic name as entry element JUVENILE NONFICTION / Health & Daily Living / Maturing
Source of heading or term bisacsh
9 (RLIN) 6482046
650 #7 - SUBJECT ADDED ENTRY--TOPICAL TERM
Topical term or geographic name as entry element JUVENILE NONFICTION / Health & Daily Living / Sexuality & Pregnancy
Source of heading or term bisacsh
9 (RLIN) 6482045
650 #7 - SUBJECT ADDED ENTRY--TOPICAL TERM
Topical term or geographic name as entry element JUVENILE NONFICTION / Science & Nature / Anatomy & Physiology
Source of heading or term bisacsh
9 (RLIN) 5908983
700 1# - ADDED ENTRY--PERSONAL NAME
Personal name Avril, Lynne,
Dates associated with a name 1951-
9 (RLIN) 41457
942 ## - ADDED ENTRY ELEMENTS (KOHA)
Source of classification or shelving scheme Dewey Decimal Classification
Koha item type BOOK
Holdings
Withdrawn status Lost status Source of classification or shelving scheme Damaged status Not for loan Collection code Home library Current library Shelving location Date acquired Source of acquisition Total Checkouts Total Renewals Full call number Barcode Checked out Date last seen Date checked out Cost, replacement price Price effective from Koha item type
    Dewey Decimal Classification     Junior NonFiction Wasatch County Library Wasatch County Library Second Floor 02/15/2024 Amazon 2 4 J 612.6 Saltz 34301002066191 05/05/2026 03/09/2026 03/09/2026 18.99 02/15/2024 BOOK
This project was made possible through a grant from the Institute of Museum and Library Service administered by the Utah State Library Division.

Wasatch County Library

  • 465 East 1200 South, Heber City, Utah 84032
  • Phone 435-654-1511 | Fax 435-654-6456

Hours

  • Monday - Friday 9:30 AM - 8:00 PM
  • Saturday 9:30 AM - 1:30 PM
  • Closed Sundays and Holidays